Distribution of high molecular weight hydrocarbons in northern Gulf of Mexico continental slope sediments /

Bibliographic Details
Main Author: Sericano, Jose Luis, 1953-
Format: Thesis eBook
Language:English
Published: [Place of publication not identified] : [publisher not identified] ; 1986.
Subjects:
Online Access:Link to OAKTrust copy

MARC

Tag First Indicator Second Indicator Subfields
LEADER 00000cam a2200000 a 4500
001 in00000019619
005 20220103114953.0
007 cr unu a
008 880705s1986 xx a b 00010 eng d
035 |9 AAB2438AM 
035 |a (OCoLC)18172220 
040 |a TXA  |c TXA  |d UtOrBLW 
043 |a nm----- 
049 |a TXAZ [Also in] [Archives]  |c 1 [A09509684], 2 [A09509692] 
099 |a 1986  |a Thesis  |a S485 
100 1 |a Sericano, Jose Luis,  |d 1953- 
245 1 0 |a Distribution of high molecular weight hydrocarbons in northern Gulf of Mexico continental slope sediments /  |c by Jose Luis Sericano. 
264 1 |a [Place of publication not identified] :  |b [publisher not identified] ;  |c 1986. 
300 |a xi, 123 leaves :  |b illustrations ;  |c 29 cm. 
336 |a text  |b txt  |2 rdacontent 
337 |a computer  |b c  |2 rdamedia 
338 |a online resource  |b cr  |2 rdacarrier 
500 |a "Major subject: Oceanography." 
500 |a Typescript (photocopy). 
500 |a Vita. 
502 |b M.S.  |c Texas A&M University  |d 1986. 
504 |a Bibliography: leaves 93-99. 
530 |a Also available online. 
650 0 |a Hydrocarbons  |z Mexico, Gulf of. 
650 0 |a Marine sediments  |z Mexico, Gulf of. 
650 0 |a Oil pollution of the sea  |z Mexico, Gulf of. 
650 4 |a Major oceanography. 
856 4 1 |u https://hdl.handle.net/1969.1/ETD-TAMU-1986-THESIS-S485  |z Link to OAKTrust copy  |t 0 
999 |a MARS 
999 f f |s d2206f73-4436-3508-a9db-2ab08dfc9a7e  |i e81c440f-28d8-3471-94de-3848613b4d2a  |t 0 
952 f f |p noncirc  |a Texas A&M University  |b J.J. Pickle Campus  |c High Density Repository  |s HDR  |d Remote Storage  |t 0  |e 1986 Thesis S485  |h Other scheme  |i computer -- online resource  |m A14839613722 
952 f f |a Texas A&M University  |b College Station  |c Electronic Resources  |s www_evans  |d Available Online  |t 0  |e 1986 Thesis S485  |h Other scheme 
998 f f |a 1986 Thesis S485  |t 0  |l Available Online 
998 f f |a 1986 Thesis S485  |t 0  |l Remote Storage